00791nam a2200193 i 450000100060000000300090000600500170001500700030003200800410003510000260007624501100010226000920021230000400030450000830034470000410042771000630046885200320053185200340056334843ES-MaACL20250923160852.0t|030211s1948 sp ||||1| spa d1 aBonnet, Buenaventura.13aLa Junta Suprema de Canarias / cpor Buenaventura Bonnet y Reveron ; prólogo de Antonio Rumeu de Armas. aLa Laguna de Tenerife : b[s.n., c1948] (eSanta Cruz de Tenerife : fImp. Católica) aCXLIII, 799 p., 8 lám. ; c25 cm. aPrecede al tít.: Real Sociedad Económica de Amigos del País de Tenerife.1 aRumeu de Armas, Antonio, d1912-20062 aReal Sociedad Económica de Amigos del País de Tenerife aES-MaACLjB-10708 bR.28679 aES-MaACLj1929-F-10 bR.30635